|
|
|
|
| LEADER |
00000nam a2200000 i 4500 |
| 001 |
DIGBRUJ137 |
| 003 |
NyNyDIG |
| 008 |
200602s2016 ag ob 000 0 spa d |
| 006 |
m o d |
| 007 |
cr ||||||||||| |
| 035 |
|
|
|a (OCoLC)1159236294
|
| 040 |
|
|
|a DGITA
|b eng
|e rda
|e pn
|c DGITA
|
| 020 |
|
|
|a 9789875916715
|q eBook
|q pdf
|
| 020 |
|
|
|a 9875916714
|q eBook
|q pdf
|
| 020 |
|
|
|z 9789875911932
|
| 020 |
|
|
|z 9875911933
|
| 050 |
1 |
4 |
|a BF724.6 ebook
|
| 082 |
0 |
4 |
|a 155.66
|
| 100 |
1 |
|
|a Yuni, José,
|e author.
|
| 245 |
1 |
0 |
|a Mujeres en la mitad de la vida :
|b la madurescencia como desafío vital /
|c José Yuni, Claudio Urbano.
|
| 264 |
|
1 |
|a Córdoba, Argentina :
|b Editorial Brujas,
|c [2016]
|
| 300 |
|
|
|a 1 online resource.
|
| 336 |
|
|
|a text
|b txt
|2 rdacontent
|
| 337 |
|
|
|a computer
|b c
|2 rdamedia
|
| 338 |
|
|
|a online resource
|b cr
|2 rdacarrier
|
| 347 |
|
|
|a text file
|2 rdaft
|
| 347 |
|
|
|b PDF
|
| 504 |
|
|
|a Includes bibliographical references.
|
| 588 |
0 |
|
|a Online resource; title from PDF title page (Digitalia, viewed June 2, 2020)
|
| 650 |
|
0 |
|a Middle-aged women
|x Psychology.
|
| 650 |
|
0 |
|a Aging.
|
| 655 |
|
0 |
|a Electronic books.
|
| 700 |
1 |
|
|a Urbano, Claudio,
|e author.
|
| 791 |
2 |
|
|a Digitalia (Firm),
|e distributor.
|
| 793 |
0 |
|
|g Digitalia eBook Collection:
|a Editorial Brujas
|
| 776 |
0 |
8 |
|i Print version:
|a Yuni, José.
|t Mujeres en la mitad de la vida.
|b 1º edición.
|d Córdoba, Argentina : Editorial Brujas, ©2009
|z 9789875911932
|w (OCoLC)721962631
|
| 856 |
4 |
0 |
|3 Digitalia Hispánica
|u https://www.digitaliapublishing.com/a/41824/
|
| 910 |
|
|
|a Premium collection: 2020
|